| 000 | 00562nam a2200133Ia 4500 | ||
|---|---|---|---|
| 008 | 100328s9999 xx 000 0 und d | ||
| 082 | _b68588 | ||
| 100 | _aजोशी भालचंद्र. | ||
| 245 | _aऔषधी व सुगंधी वनस्पतींची लागवड. | ||
| 260 | _bकॉन्टिनेन्टल. | ||
| 630 | _aऔषधी व सुगंधी वनस्पतींची लागवड. | ||
| 730 | _aऔषधी व सुगंधी वनस्पतींची लागवड. | ||
| 942 | _cBOOK | ||
| 999 |
_c554323 _d554320 |
||